000 00606nam a22001817a 4500
003 OSt
005 20250822070007.0
008 250822b |||||||| |||| 00| 0 eng d
020 _a978-971-590-619-7
040 _aDWC-Main Lib
_cOC
082 _aFil. 252.02 R238j 2007
100 _aRatzinger, Joseph
245 _aJohn Paul :
_bmy beloved predecessor/
_cJoseph Ratzinger [and three others]
260 _aPasay, Philippines :
_bPaulines Publishing House,
_cc2007.
300 _axix, 121 pages :
_billustrations ;
_c21cm.
650 _a1. Christian life-- Catholic author.
942 _2ddc
_cBK - FIL
_kFil.
_n0
999 _c4201
_d4201